Report Of The Finance Committee On The Loan Agreement Between The Government Of The Republic Of Ghana (Represented By The Ministry Of Finance And Calbank Ghana Limited As Facility Agent, Mandated Lead Arranger, Lender And Security Agent And Other Financial Institutions As Original Lenders For An Amount Of One Hundred And Seventy Million United States Dollars (US$170,000,000.00) To Finance The Provision Of Sports Infrastructure And Residential Facilities For The Hosting And Organisation Of The 13th All African Games, Accra 2023 (Record no. 5417)

MARC details
000 -LEADER
fixed length control field 01059nam a22001697a 4500
003 - CONTROL NUMBER IDENTIFIER
control field OSt
005 - DATE AND TIME OF LATEST TRANSACTION
control field 20250715104645.0
008 - FIXED-LENGTH DATA ELEMENTS--GENERAL INFORMATION
fixed length control field 250715b |||||||| |||| 00| 0 eng d
041 ## - LANGUAGE CODE
Language code of text/sound track or separate title English
082 ## - DEWEY DECIMAL CLASSIFICATION NUMBER
Classification number Acc. No. 11335 CR/13thAAGA/21
110 ## - MAIN ENTRY--CORPORATE NAME
Corporate name or jurisdiction name as entry element Finance Committee
245 ## - TITLE STATEMENT
Title Report Of The Finance Committee On The Loan Agreement Between The Government Of The Republic Of Ghana (Represented By The Ministry Of Finance And Calbank Ghana Limited As Facility Agent, Mandated Lead Arranger, Lender And Security Agent And Other Financial Institutions As Original Lenders For An Amount Of One Hundred And Seventy Million United States Dollars (US$170,000,000.00) To Finance The Provision Of Sports Infrastructure And Residential Facilities For The Hosting And Organisation Of The 13th All African Games, Accra 2023
260 ## - PUBLICATION, DISTRIBUTION, ETC.
Place of publication, distribution, etc. Accra
Name of publisher, distributor, etc. Parliament Of Ghana
Date of publication, distribution, etc. 2021
300 ## - PHYSICAL DESCRIPTION
Extent 13P; Tab
653 ## - INDEX TERM--UNCONTROLLED
Uncontrolled term Provision Of Sports Infrastructure And Residential Facilities For The Hosting And Organisation Of The 13th All African Games, Accra 2023
942 ## - ADDED ENTRY ELEMENTS (KOHA)
Source of classification or shelving scheme Dewey Decimal Classification
Koha item type Committee Reports
Suppress in OPAC No
Holdings
Withdrawn status Lost status Source of classification or shelving scheme Damaged status Not for loan Home library Current library Shelving location Date acquired Total checkouts Full call number Date last seen Copy number Price effective from Koha item type
    Dewey Decimal Classification     Main Library Main Library Open Shelves 15/07/2025   Acc. No. 11335 CR/13thAAGA/21 15/07/2025 1 15/07/2025 Committee Reports
    Dewey Decimal Classification     Main Library Main Library Open Shelves 15/07/2025   Acc. No. 11336 CR/13thAAGA/21 15/07/2025 2 15/07/2025 Committee Reports
©2026  Parliament of Ghana Library - All rights reserved